| 000 | 00000nas##2200000za#4500 |
| 001 | 9.506203 |
| 003 | CaOODSP |
| 005 | 20200325091140 |
| 007 | cr ||||||||||| |
| 008 | 150406c2002||||xxc|| p o||||f| |0eng|d |
| 040 | |aCaOODSP|beng |
| 043 | |an-cn--- |
| 086 | 1 |aFA1-8E-PDF |
| 110 | 1 |aCanada. |bOffice of the Auditor General. |
| 245 | 10|aReport of the Auditor General to the Northwest Territories Legislative Assembly |h[electronic resource] |
| 260 | |aOttawa - Ontario : |bOffice of the Auditor General of Canada |
| 310 | |aAnnual |
| 362 | 1 |a[2002]-- |
| 775 | 08|tRapport de la vérificatrice générale à l'Assemblée législative des Territoires du Nord-Ouest.|w(CaOODSP)9.502602 |